"Slavme slavně slávu Slávov slavných"

Titel: "Slavme slavně slávu Slávov slavných" : slovanství a česká kultura 19. století ; sborník příspěvků z 25. sympozia k problematice 19. století, Plzeň, 24. - 26. února 2005 / k vydání připravili Zdeněk Hojda ...
Beteiligt:
Körperschaft:
Ausgabe: 1. vyd.
Veröffentlicht: Praha : KLP, Koniasch Latin Press, 2006
Umfang: 438 S. : Ill.
Format: Buch
Sprache: Tschechisch
RVK-Notation:
Schlagworte:
ISBN: 8086791319
Buchumschlag
X
alg: 18278136
001A    $00077:24-11-06 
001B    $01999:23-03-23 $t07:39:27.000 
001D    $00077:24-11-06 
001U    $0utf8 
001X    $00 
002@    $0Aay 
003@    $0182781364 
003O    $0314976219 $aOCoLC 
004A    $080-86791-31-9 
007A    $0182781364 $aHEB 
007T    $0Herdpp098543 
010@    $acze 
011@    $a2006 
021A    $a"Slavme slavně slávu Slávov slavných" $dslovanství a česká kultura 19. století ; sborník příspěvků z 25. sympozia k problematice 19. století, Plzeň, 24. - 26. února 2005 $hk vydání připravili Zdeněk Hojda ... 
028C    $#Hojda, Z. $7132909332 $8Hojda, Zdeněk$Z1953- [Tp1] $9186174128 
029F    $RPlzeňské sympozium k problematice 19. století $#Plzeňské sympozium, Pilsen 2005 25. $710141753-6 $8Sympozium k problematice 19. století$n25.$d2005$cPilsen [Tf1] $9179477145 
032@    $a1. vyd. 
033A    $pPraha $nKLP, Koniasch Latin Press 
034D    $a438 S. 
034M    $aIll. 
037A    $aMit dt. Zsfassungen 
044K    $RBild $RSlawen $RMotiv $#Slavs in literature $74201471-2 $8Slawenbild [Ts1] $9086019287 
044K    $RKulturphilosophie $RZivilisation $#Civilization $#Culture $#Civilisation $#Culture $#Cultura $#Civilización $#Kultur $#Kultur $#kulturelle Faktoren $74125698-0 $8Kultur [Tsz] $9085424803 
044K    $RTschechien $#Böhmische Kronländer $#Länder der Böhmischen Krone $#Sudetenland $#Böhmen $#Mähren $#Mährisch-Schlesien $#Österreichisch-Schlesien $#Tschechische Sozialistische Republik Böhmische Länder $#Tschechei Böhmische Länder $#Země koruny české $74069573-6 $8Böhmische Länder [Tg1] $9085195553 
045R    $aGeschichte 1800-1900 
045Z    $8KS 3015 [Tkv] $9409317667 

lok: 18278136 25

exp: 18278136 25 1 #EPN
201B/01 $003-12-25 $t15:35:05.000 
201C/01 $024-11-06 
201U/01 $0utf8 
203@/01 $0487193792 
208@/01 $a24-11-06 $bzik 
209A/01 $aP Q SLAV $dd $f076 $x00 
209C/01 $a2344/06 
209G/01 $a77510909 $x00 
209G/01 $aPolonicum $x01 
247C/01 $8651076-0 <77/076>Mainz, Universität Mainz, Bereichsbibliothek Philosophicum, Standort Polonicum $9102600252 

lok: 18278136 78

exp: 18278136 78 1 #EPN
201B/01 $026-11-17 $t00:09:01.000 
201U/01 $0utf8 
203@/01 $0792108604 
208@/01 $a12-11-16 $be 
209A/01 $a/ $f000 $x00 
220C/01 $aHerkunft: Hú Av Čr Praha 
237A/01 $aSborník z konference. Plzeň, 24. 2.-26. 2. 2005.]  
244Z/01 $#Tschechien $#Tschechische Republik $#Tschechien $#Tschechische Republik $#Tschechenland $#Tschechei Tschechien $#Česká Republika $#Czech Republic $#ČR $74303381-7 $8--Tg1--Tschechien $x01 $9086659812 
244Z/01 $2Trx $#Böhmen $#Bohemia $#Czechy $8--Trx--Čechy $x02 $9391188941 
244Z/01 $aGeschichte 1800-1900 $x03 
244Z/01 $aslovanství $x04 
244Z/01 $2Trx $#patriotism $#patriotizmas $#Patriotism $#hazafiság $#patriotyzm $#patriotizmus $#patriotismus $#vlastenectvo $#vlastenectví $8--Trx--Patriotismus $x05 $9391355139 
244Z/01 $aspolečnost česká $x06 
244Z/01 $aživot kulturní $x07 
244Z/01 $2Trx $8--Trx--Monographie $x08 $9391384546 
245Z/01 $a01.03 $x01 
247C/01 $82080>Marburg/Lahn, Herder-Institut, Forschungsbibliothek, Bibliographieportal $9336309341 

lok: 18278136 204

exp: 18278136 204 1 #EPN
201B/01 $002-04-24 $t16:52:46.000 
201C/01 $020-07-07 
201U/01 $0utf8 
203@/01 $0506563456 
208@/01 $a20-07-07 $bzUB 
209A/01 $a000 KS 3015 H719 $du $f000 $x00 
209A/01 $a22.096.05 $h22 096 05 $x09 
209B/01 $a00001 $x05 
209G/01 $a22096052 $x00 
245S/01 $a21000 $x01 
247C/01 $8631000-x <26>Gießen, Universität Gießen, Universitätsbibliothek Gießen $9102596697
LEADER 00000cam a22000002c 4500
001 182781364
003 DE-603
005 20230323073927.0
007 tu
008 061124s2006 xx |||| | u00||u|cze c
020 |a 8086791319 
035 |a (DE-599)HEB182781364 
035 |a (OCoLC)314976219 
040 |a DE-603  |b ger  |c DE-603  |d DE-603 
041 |a cze 
084 |a KS 3015  |0 (DE-625)84118:  |0 (DE-603)409317667  |2 rvk 
245 0 0 |a "Slavme slavně slávu Slávov slavných"  |b slovanství a česká kultura 19. století ; sborník příspěvků z 25. sympozia k problematice 19. století, Plzeň, 24. - 26. února 2005  |c k vydání připravili Zdeněk Hojda ... 
250 |a 1. vyd. 
264 1 |a Praha  |b KLP, Koniasch Latin Press  |c 2006 
300 |a 438 S.  |b Ill. 
500 |a Mit dt. Zsfassungen 
648 7 |a Geschichte 1800-1900  |2 gnd 
650 7 |a Slawenbild  |0 (DE-588)4201471-2  |0 (DE-603)086019287  |2 gnd 
650 7 |a Kultur  |0 (DE-588)4125698-0  |0 (DE-603)085424803  |2 gnd 
651 7 |a Böhmische Länder  |0 (DE-588)4069573-6  |0 (DE-603)085195553  |2 gnd 
700 1 |a Hojda, Zdeněk  |d 1953-  |0 (DE-603)186174128  |0 (DE-588)132909332  |2 gnd 
711 2 |a Sympozium k problematice 19. století  |n 25.  |d 2005  |c Pilsen  |0 (DE-603)179477145  |0 (DE-588)10141753-6  |2 gnd 
924 0 |9 77/076  |a (DE-603)487193792  |b DE-77-076  |c HES  |d d  |g P Q SLAV 
924 0 |9 2080  |a (DE-603)792108604  |b DE-2080  |c HES  |d d  |g / 
924 0 |9 26  |a (DE-603)506563456  |b DE-26  |c HES  |d c  |g 000 KS 3015 H719  |i 22.096.05